000 00635nam a22002172i 4500
999 _c7831
_d7831
001 7831
003 BD - JhCC
005 20210329134019.0
008 500101s1953 xxk 000 0 eng d
035 _a(BD - JhCC)7831
040 _aUKM
_cUKM
_dEQO
_dBD - JhCC
041 _aeng
082 _a823.8
_218
_bELI 1953
100 1 _aEliot, George,
_d1819-1880.
240 1 0 _aMiddlemarch
245 1 0 _aMary Garth :
_ba romance from "Middlemarch" /
_cadapted from Frederick Page, illustrated by Elizabeth Jackson
260 _aOxford University Press,
_c1953
300 _a170 p. :
_bill. ;
_c19 cm
942 _2ddc
_cBK
_02